000
00287nam a22001337a 4500
008
170612b xxu||||| |||| 00| 0 eng d
020
_a
9780917917042
041
_a
eng
080
_a
327
100
_a
19
101
_a
SHP
245
_a
GOVERNMENT WORKS
_c
TROXEL.J.P
942
_2
udc
_c
BK
999
_c
16959
_d
16959